000 00291nam a22001337a 4500
008 170303b xxu||||| |||| 00| 0 eng d
020 _a9780807004197
041 _aeng
080 _a575
100 _a6
101 _aSHM
245 _aEXPLODING THE GENE MYTH
_cHUBBARD.R
942 _2udc
_cBK
999 _c6762
_d6762